Economia (Registro nro. 1096)
[ vista simple ]
| 000 -LEADER | |
|---|---|
| fixed length control field | 01403 a2200313 4500 |
| 001 - CONTROL NUMBER | |
| control field | 23183 |
| 005 - DATE AND TIME OF LATEST TRANSACTION | |
| control field | 20260407155521.0 |
| 008 - FIXED-LENGTH DATA ELEMENTS--GENERAL INFORMATION | |
| fixed length control field | 260407a2003 arg spa d |
| 003 - CONTROL NUMBER IDENTIFIER | |
| control field | AR-UNSa-BCEJYS |
| 040 ## - CATALOGING SOURCE | |
| Original cataloging agency | AR-UNSa-BCEJYS |
| Language of cataloging | spa |
| Transcribing agency | AR-UNSa-BCEJYS |
| 080 ## - UNIVERSAL DECIMAL CLASSIFICATION NUMBER | |
| Universal Decimal Classification number | 330 |
| Common auxiliary subdivision | Economía en general |
| 020 ## - INTERNATIONAL STANDARD BOOK NUMBER | |
| International Standard Book Number | 978-987-1112-02-9 |
| 041 ## - LANGUAGE CODE | |
| Language code of text/sound track or separate title | spa |
| 100 1# - MAIN ENTRY--PERSONAL NAME | |
| Personal name | Samuelson, Paul A. |
| 245 10 - TITLE STATEMENT | |
| Title | Economia |
| 250 ## - EDITION STATEMENT | |
| Edition statement | 15a. ed. |
| 264 #1 - PRODUCTION, PUBLICATION, DISTRIBUTION, MANUFACTURE, AND COPYRIGHT NOTICE | |
| Place of production, publication, distribution, manufacture | México : |
| Name of producer, publisher, distributor, manufacturer | McGraw-Hill |
| Date of production, publication, distribution, manufacture, or copyright notice | 2003 |
| 300 ## - PHYSICAL DESCRIPTION | |
| Extent | xxi, 801 p. |
| Dimensions | 23 cm. |
| 505 ## - FORMATTED CONTENTS NOTE | |
| Formatted contents note | Parte I: Conceptos basicos - Parte II: Microeconomia: La oferta, la demanda y los mercados de productos - Parte III: Los mercados de factores: la tierra, el trabajo y la distribución de la renta - Parte IV: El papel del estado en la económia - Parte V: La Macroeconomia: el estudio del crecimiento y de los ciclos económicos - Parte VI: El crecimiento económico y la politica macroeconomica - Parte VII: El comercio internacional y la económia mundial. |
| 590 ## - LOCAL NOTE (RLIN) | |
| Local note | niveau_biblio:m niveau_hierar:0 |
| 700 1# - ADDED ENTRY--PERSONAL NAME | |
| Personal name | Nordhaus, William D. |
| 700 1# - ADDED ENTRY--PERSONAL NAME | |
| Personal name | Rabasco, María Esther |
| 700 1# - ADDED ENTRY--PERSONAL NAME | |
| Personal name | Pérez Enrri, Daniel |
| 700 1# - ADDED ENTRY--PERSONAL NAME | |
| Personal name | Toharia Cortés, Luis |
| 700 1# - ADDED ENTRY--PERSONAL NAME | |
| Personal name | Milani, Ana María |
| 700 1# - ADDED ENTRY--PERSONAL NAME | |
| Personal name | Natiello, María Cecilia |
| 856 41 - ELECTRONIC LOCATION AND ACCESS | |
| Uniform Resource Identifier | <a href="https://biblioeco.unsa.edu.ar/pmb/images/libros/Economia (samuelson-nordhaus-perez enrri).jpg">https://biblioeco.unsa.edu.ar/pmb/images/libros/Economia (samuelson-nordhaus-perez enrri).jpg</a> |
| Link text | Imagen de portada |
| Electronic format type | image/jpeg |
| 942 ## - ADDED ENTRY ELEMENTS (KOHA) | |
| Koha item type | |
| Withdrawn status | Lost status | Damaged status | Not for loan | Home library | Current library | Shelving location | Date acquired | Total checkouts | Full call number | Barcode | Date last seen | Price effective from | Koha item type | Public note |
|---|---|---|---|---|---|---|---|---|---|---|---|---|---|---|
| Biblioteca Prof. Eusebio Cleto del Rey | Biblioteca Prof. Eusebio Cleto del Rey | 07/04/2026 | 330 S187/2003 | L86966 | 07/04/2026 | 07/04/2026 | Libro | LÁPIZ - UN POCO HÚMEDO EN CANTO INFERIOR - MANCHADO SOBRE TODO EN PÁG 61 Y XIII | ||||||
| Biblioteca Prof. Eusebio Cleto del Rey | Biblioteca Prof. Eusebio Cleto del Rey | 07/04/2026 | 330 S187/2003 | L86968 | 07/04/2026 | 07/04/2026 | Libro | TAPA CON LAPICERA AZUL - 1° PÁGINA CON CORRECTOR - LÁPIZ - PARTIDO EN PÁG 770 - CANTO MANCHADO - HÚMEDO - MANCHADO - TAPA UN POCO DESPEGADA | ||||||
| Biblioteca Prof. Eusebio Cleto del Rey | Biblioteca Prof. Eusebio Cleto del Rey | 07/04/2026 | 330 S187/2003 | L86969 | 07/04/2026 | 07/04/2026 | Libro | TAPA SEMIDESPEGADA - PÁG 1 A 11 UN POCO SUELTAS - LÁPIZ - MANCHADO - HÚMEDO | ||||||
| Biblioteca Prof. Eusebio Cleto del Rey | Biblioteca Prof. Eusebio Cleto del Rey | 07/04/2026 | 330 S187/2003 | L86967 | 07/04/2026 | 07/04/2026 | Libro | HÚMEDO - LÁPIZ - LAPICERA EN PÁG 301 - PARTIDO EN PÁG 770 - MANCHADO (SOBRE TODO EN ÚLTIMAS PÁGINAS EN LATERAL) - TAPA PEGADA CON CINTA - CANTO MANCHADO | ||||||
| Biblioteca Prof. Eusebio Cleto del Rey | Biblioteca Prof. Eusebio Cleto del Rey | 07/04/2026 | 330 S187/2003 | L86970 | 07/04/2026 | 07/04/2026 | Libro | LIBRO MUY HÚMEDO - TAPA SEMIDESPEGADA - PRIMERAS PÁGINAS PEGADAS CON CINTA DE PAPEL Y CON MANCHAS ROSAS - LÁPIZ - MANCHADO - PÁG 689 Y ÚLTIMA ROTAS |